| 000 | 01671nam a22003017a 4500 | ||
|---|---|---|---|
| 003 | DO-SdBNP | ||
| 005 | 20230831110152.0 | ||
| 008 | 210312b1984 dr 00| 0 spa d | ||
| 040 |
_aBPMSU _bspa _cBPMSU |
||
| 082 | 4 |
_a305.5633 _bM339r 1984 _222 |
|
| 100 | 1 | _aSan Miguel, Pedro L | |
| 245 | 1 | 0 |
_aResistencia campesina : _bimperialismo y reforma agraria en la Reppublica Dominicana, (1899-1978) / _cMariñez, Pablo A. ; edición Eduardo Díaz Guerra ; prólogo Roger Bartra |
| 260 |
_aSanto Domingo : _bEdiciones CEPAE , _c1984 |
||
| 300 |
_a152 p.; _c21 cm. |
||
| 500 | _a | ||
| 504 | _aBibliografía : p. 278 -304. | ||
| 505 | 0 | _aPresentación -- Prólogo -- Introducción -- Levantamientos armados y caudillismo regional -- Resistencia campesina a la Ocupación Militar Campesina -- Nuevas condiciones de lucha -- Reforma agraria y resistencia campesina -- Notas bibliográfía | |
| 590 | _6Inventariado 2023/VM | ||
| 650 | 4 |
_aDerechos de los campesinos _zRepública Dominicana _x |
|
| 650 | 4 |
_aAgricultura _xAspectos económicos _zRepública Dominicana |
|
| 650 | 4 |
_aDesarrollo rural _zRepública Dominicana. |
|
| 650 | 4 |
_aReforma agraria _zRepública Dominicana |
|
| 700 | 1 |
_aDíaz Guerra, Eduardo _eed. |
|
| 700 | 1 |
_aBartra, Roger _epról. |
|
| 710 | 2 | _aCentro de Planificación y Acción Ecuménica (República Dominicana) | |
| 910 | _a VMateo V. Control de calidad. BPMSU | ||
| 942 |
_2ddc _cBK |
||
| 999 |
_c14465 _d14465 |
||